<?xml version="1.0" encoding="UTF-8"?>
<collection xmlns="http://www.loc.gov/MARC21/slim">
<record>
  <controlfield tag="001">164459</controlfield>
  <controlfield tag="005">20251203145551.0</controlfield>
  <datafield tag="037" ind1=" " ind2=" ">
    <subfield code="a">TAZ-TFM-2020-106</subfield>
  </datafield>
  <datafield tag="041" ind1=" " ind2=" ">
    <subfield code="a">spa</subfield>
  </datafield>
  <datafield tag="100" ind1="1" ind2=" ">
    <subfield code="a">ORAA SANCHEZ-CANO, LUIS</subfield>
  </datafield>
  <datafield tag="242" ind1="0" ind2="0">
    <subfield code="a">ARMORED ENGINEERING VEHICLE ADQUISITION FOR THE SPANISH ARMY:  DECISION ANALYSIS</subfield>
  </datafield>
  <datafield tag="245" ind1="0" ind2="0">
    <subfield code="a">ADQUISICION DEL CARRO DE ZAPADORES EN EL EJERCITO DE TIERRA:ANALISIS PARA UNA DECISION</subfield>
  </datafield>
  <datafield tag="260" ind1=" " ind2=" ">
    <subfield code="a">Zaragoza</subfield>
    <subfield code="b">Universidad de Zaragoza</subfield>
    <subfield code="c">2020</subfield>
  </datafield>
  <datafield tag="506" ind1=" " ind2=" ">
    <subfield code="a">by-nc-sa</subfield>
    <subfield code="b">Creative Commons</subfield>
    <subfield code="c">3.0</subfield>
    <subfield code="u">http://creativecommons.org/licenses/by-nc-sa/3.0/</subfield>
  </datafield>
  <datafield tag="520" ind1=" " ind2=" ">
    <subfield code="a">La renovación de la flota de carros de zapadores en el Ejército de Tierra lleva siendo desde el año 2015 una necesidad imperiosa y ha estado incluida durante los últimos años en los Objetivos de Capacidades Militares del JEMAD. &lt;br />Al haber sido responsable de la ejecución de la primera fase de esa renovación por parte del ET, y haber participado de alguna manera en las diferentes iniciativas promovidas por el MINISDEF y la UE que podrían responder positivamente a esta necesidad del ET, se ha considerado interesante  acometer un análisis actual de la situación.&lt;br />Este trabajo, por tanto, ha consistido en la realización de un estudio exhaustivo de las tres modalidades de adquisición previstas y posibles de este tipo de material,  analizando el estado del arte de cada una de estas opciones de adquisición, para llegar a la conclusión de cuál de ellas pudiera ser la más acertada en la situación actual.&lt;br />&lt;br /></subfield>
  </datafield>
  <datafield tag="521" ind1=" " ind2=" ">
    <subfield code="a">Máster Universitario en Dirección y Gestión de Adquisiciones de Sistemas para la Defensa</subfield>
  </datafield>
  <datafield tag="540" ind1=" " ind2=" ">
    <subfield code="a">Derechos regulados por licencia Creative Commons</subfield>
  </datafield>
  <datafield tag="700" ind1=" " ind2=" ">
    <subfield code="a">LABORDA HERRERO, RICARDO</subfield>
    <subfield code="e">dir.</subfield>
  </datafield>
  <datafield tag="710" ind1="2" ind2=" ">
    <subfield code="a">Universidad de Zaragoza</subfield>
    <subfield code="b"> </subfield>
    <subfield code="c"></subfield>
  </datafield>
  <datafield tag="856" ind1="0" ind2=" ">
    <subfield code="f">786165@unizar.es</subfield>
  </datafield>
  <datafield tag="856" ind1="4" ind2=" ">
    <subfield code="s">1907273</subfield>
    <subfield code="u">http://zaguan.unizar.es/record/164459/files/TAZ-TFM-2020-106.pdf</subfield>
    <subfield code="y">Memoria (spa)</subfield>
  </datafield>
  <datafield tag="909" ind1="C" ind2="O">
    <subfield code="o">oai:zaguan.unizar.es:164459</subfield>
    <subfield code="p">driver</subfield>
    <subfield code="p">trabajos-fin-master</subfield>
    <subfield code="p">tfg-tfm-cud</subfield>
  </datafield>
  <datafield tag="950" ind1=" " ind2=" ">
    <subfield code="a"></subfield>
  </datafield>
  <datafield tag="980" ind1=" " ind2=" ">
    <subfield code="a">TAZ</subfield>
    <subfield code="b">TFM</subfield>
    <subfield code="c">CUD</subfield>
  </datafield>
  <datafield tag="999" ind1=" " ind2=" ">
    <subfield code="a">20200608212654.CREATION_DATE</subfield>
  </datafield>
  <datafield tag="951" ind1=" " ind2=" ">
    <subfield code="a">deposita:2025-12-03</subfield>
  </datafield>
</record>
</collection>